=LDR 00000nam 2200000 4500 =001 INLIS000000000042774 =005 20140710125245.0 =006 =007 =008 Ind =035 ##$$0010-101300000000696 =041 ##$$a Ind =082 ##$$a 616.120 7 =090 ##$$a 616.120 7, Mal s =100 ##$$a Malcolm S. Thaler =245 ##$$a Satu-satunya buku EKG yang anda perlukan, Malcolm S. Thaler; alih bahasa, A. Samik Wahab; editor edisi bahasa indonesia, Teuku Istia Muda Perdan, Aryandhito Widhi Nugroho =260 ##$$a 2012 $b Jakarta =300 ##$$a xii, 321 hlm., ilus, 24 cm =650 ##$$a Elektronika Dalam Kardiologi =700 ##$$a A. Samik Wahab =850 ##$$a NBPNMAT =990 ##$$a 21400613/BPAP-NTB/20142014 =990 ##$$a 2090101088/BPAP-NTB/2015 =990 ##$$a 3620636206 =990 ##$$a 21400613/BPAP-NTB/20142014 =990 ##$$a 2090101088/BPAP-NTB/2015 =990 ##$$a 01201806349